| 000 | 00608nam a22001577a 4500 | ||
|---|---|---|---|
| 005 | 20120507112011.0 | ||
| 020 |
_a019564168X _c00.00 |
||
| 035 | _aA-896862 | ||
| 037 |
_aDPL _bENG |
||
| 100 |
_aRamaswamy, E.A. _946522 |
||
| 245 |
_aA question of balance : _bLabour, management and society / _cby E.A. Ramaswamy |
||
| 260 |
_aDelhi _bOxford University Press _c1997 |
||
| 300 |
_axii, 267p. _c20 cms. |
||
| 942 |
_2ddc _cEN _h331.89 _mRAM |
||
| 999 |
_c66252 _d66252 |
||